书目信息 |
| 题名: |
美术摄影
|
|
| 作者: | 邵丽华 | |
| 分册: | ||
| 出版信息: | 重庆 西南大学出版社 2005 |
|
| 页数: | 98 | |
| 开本: | 26cm | |
| 丛书名: | ||
| 单 册: | ||
| 中图分类: | J401 | |
| 科图分类: | ||
| 主题词: | 摄影艺术--艺术理论 | |
| 电子资源: | ||
| ISBN: | 7-5621-2111-7 | |
| 000 | 00513nam0 2200181 450 | |
| 001 | 0729297901 | |
| 005 | 20071003080817.90 | |
| 010 | @a7-5621-2111-7@d¥24.00 | |
| 100 | @a20071003d km y0chiy0120 ea | |
| 101 | 0 | @achi |
| 200 | 1 | @a美术摄影@Amei shu she ying@f邵丽华@Fshao li hua |
| 210 | @a重庆@c西南大学出版社@d2005 | |
| 215 | @a98@d26cm | |
| 606 | 0 | @a摄影艺术@x艺术理论 |
| 690 | @aJ401@v4 | |
| 701 | 0 | @a邵丽华@Ashao li hua |
| 801 | 0 | @aCN@b大连网信软件有限公司图书馆·11@c20071003 |
| 905 | @a213230@dJ401@eM22 | |
| 美术摄影/邵丽华.-重庆:西南大学出版社,2005 |
| 98;26cm |
| ISBN 7-5621-2111-7:¥24.00 |
| ● |
| 相关链接 |
|
|
|
|
正题名:美术摄影
索取号:J401/M22
 
预约/预借
| 序号 | 登录号 | 条形码 | 馆藏地/架位号 | 状态 | 备注 |
| 1 | 6401290 | 264012909 | 密集书库-美术系/ [索取号:J401/M22] | 在馆 |